[Event "BCF-chT 0203 (4NCL)"]
[Site "West Bromwich"]
[Date "2003.04.12"]
[Round "7.3"]
[White "Rotchev, Iouri"]
[Black "Dineley, Richard"]
[Result "1-0"]
[WhiteElo "2300"]
[BlackElo "2265"]
[PlyCount "97"]
[EventDate "2002.11.??"]
[EventType "team-tourn"]
[EventRounds "11"]
[EventCountry "ENG"]
[SourceTitle "EXT 2004"]
[Source "ChessBase"]
[SourceDate "2003.11.25"]
[SourceVersion "1"]
[SourceVersionDate "2003.11.25"]
[SourceQuality "1"]
[WhiteTeam "Richmond"]
[BlackTeam "SW Dragons"]
[WhiteTeamCountry "ENG"]
[BlackTeamCountry "ENG"]

1. c4 b6 2. e4 Bb7 3. Nc3 e6 4. Nge2 Nf6 5. d3 c5 6. g3 Nc6 7. Bg2 d6 8. 0-0 Be7 9. h3 0-0 10. Be3 a6 11. f4 Qc7 12. g4 Rfe8 13. Rc1 Bf8 14. Bf2 Rac8 15. b3 Qb8 16. Qd2 b5 17. cxb5 axb5 18. Nxb5 Ba6 19. Nbc3 Nb4 20. d4 Nd3 21. dxc5 Nxc1 22. Rxc1 dxc5 23. e5 Red8 24. Qe1 Nd5 25. Nxd5 exd5 26. Ng3 c4 27. e6 Qxf4 28. Nf5 fxe6 29. Qxe6+ Kh8 30. Rf1 c3 31. Be3 Qxe3+ 32. Nxe3 Bxf1 33. Kxf1 d4 34. Be4 dxe3 35. Bc2 Re8 36. Qd5 e2+ 37. Ke1 Bc5 38. Qf5 Kg8 39. Qxh7+ Kf8 40. Qf5+ Ke7 41. Kxe2 Bd4 42. g5 Kd6+ 43. Kd3 Bb6 44. Qf4+ Re5 45. h4 Be3 46. Qg3 Bd2 47. b4 Rf8 48. Kc4 Rf1 49. Qd3+ 1-0